Passaporte para o futuro : (Record no. 101110)

MARC details
000 -LEADER
campo de control de longitud fija 00840nam a22002774a 4500
001 - NÚMERO DE CONTROL
campo de control 55729
005 - FECHA Y HORA DE LA ÚLTIMA TRANSACCIÓN
campo de control 20230410143415.0
008 - DATOS DE LONGITUD FIJA--INFORMACIÓN GENERAL
campo de control de longitud fija 070123s2006 bl a b 000 0bpor c
035 ## - NÚMERO DE CONTROL DEL SISTEMA
Número de control de sistema (OCoLC)ocn123169253
040 ## - FUENTE DE CATALOGACIÓN
Centro catalogador/agencia de origen COO
Centro/agencia transcriptor COO
035 ## - NÚMERO DE CONTROL DEL SISTEMA
Número de control de sistema (OCoLC)123169253
042 ## - CÓDIGO DE AUTENTICACIÓN
Código de autenticación pcc
050 14 - SIGNATURA TOPOGRÁFICA DE LA BIBLIOTECA DEL CONGRESO
Número de clasificación F2538.22.F7
Número de ítem C376 2006
049 ## - FONDOS LOCALES (OCLC)
Biblioteca depositaria GRAL
100 1# - ENTRADA PRINCIPAL--NOMBRE DE PERSONA
Nombre de persona Cavalcante, Berenice
245 10 - MENCIÓN DEL TÍTULO
Título Passaporte para o futuro :
Resto del título Afonso Arinos de Melo Franco, um ensaísta da República /
Mención de responsabilidad, etc. Berenice Cavalcante.
250 ## - MENCION DE EDICION
Mención de edición 1a ed.
260 ## - PUBLICACIÓN, DISTRIBUCIÓN, ETC.
Lugar de publicación, distribución, etc. Rio de Janeire :
Nombre del editor, distribuidor, etc. Vieira & Lent,
Fecha de publicación, distribución, etc. 2006.
300 ## - DESCRIPCIÓN FÍSICA
Extensión 143 p. :
Otras características físicas ill. ;
Dimensiones 21 cm.
504 ## - NOTA DE BIBLIOGRAFÍA, ETC.
Nota de bibliografía, etc. Includes bibliographical references.
600 10 - PUNTO DE ACCESO ADICIONAL DE MATERIA--NOMBRE DE PERSONA
Nombre de persona Arinos de Melo Franco, Afonso,
Fechas asociadas al nombre 1905-
650 #0 - PUNTO DE ACCESO ADICIONAL DE MATERIA--TÉRMINO DE MATERIA
Término de materia o nombre geográfico como elemento de entrada Statesmen
Subdivisión geográfica Brazil
Subdivisión general Biography.
942 ## - ELEMENTOS DE ENTRADA SECUNDARIOS (KOHA)
Fuente del sistema de clasificación o colocación Clasificación de Library of Congress
Tipo de ítem Koha
946 ## - PROCESAMIENTO DE INFORMACIÓN LOCAL (OCLC)
a clperez
994 ## -
-- C0
-- DRFGD
Holdings
Estatus retirado Estado de pérdida Fuente del sistema de clasificación o colocación Estado de daño No para préstamo Colección Biblioteca de origen Biblioteca actual Ubicación en estantería Fecha de adquisición Signatura topográfica completa Código de barras Visto por última vez Copia número Tipo de ítem Koha
    Clasificación de Library of Congress     Automatización y Procesos Técnicos Biblioteca Juan Bosch Biblioteca Juan Bosch Automatización y Procesos Técnicos (1er. Piso) 10/04/2023 F2538.22.F7 C376 2006 00000057678 21/01/2019 1